| 000 | 00505nam a2200097Ia 4500 | ||
|---|---|---|---|
| 008 | 180130s9999 xx 000 0 und d | ||
| 245 |
_cFogde, Madeleine; Macario, Luis; Carey, Kirsten _aThe matter is not if, but when and where: the role of capacity development in disaster risk reduction aiming for a sustainable water supply and sanitation |
||
| 260 | _c2013 | ||
| 300 | _aBook title: The role of ecosystems in disaster risk reduction--Acession number C17927; pages 270-290 | ||
| 650 | _aECOSYSTEM MANAGEMENT | ||
| 999 |
_c354555 _d354555 |
||